| 000 | 00657nam a2200157 i 4500 | ||
|---|---|---|---|
| 001 | bg | ||
| 245 | 0 |
_aPolityka naukowa i organizacja procesu wychowawczego w szkole wyższej / _cpod red. Leona Leji ; Uniwersytet im. Adama Mickiewicza w Poznaniu. Instytut Nowych Technik Kształcenia. |
|
| 260 |
_aPoznań, _c1977. |
||
| 490 | 1 |
_aKształcenie pedagogiczne młodej kadry naukowo-dydaktycznej : materiały dydaktyczne ; _vz.1 |
|
| 700 | 1 |
_aLeja, Leon. _eRed. |
|
| 830 | _aKształcenie pedagogiczne młodej kadry naukowo-dydaktycznej : materiały dydaktyczne ; | ||
| 040 | _cBPK | ||
| 041 | _apol | ||
| 942 | _cKS | ||
| 008 | s pl f |000 0 pol | ||
| 999 |
_c47168 _d47168 |
||
| 856 |
_uhttp://koha.tu.koszalin.pl/cgi-bin/koha/opac-detail.pl?biblionumber=47168 _yKatalog online BPK |
||